GAP Güney Anadolu Projesi bilim ekibi teknik yazılar / (Kayıt no. 10240)
[ düz görünüm ]
| 000 -BAŞLIK | |
|---|---|
| Sabit Uzunluktaki Kontrol Alanı | 01627nam a2200217 4500 |
| 003 - KONTROL NUMARASI KİMLİĞİ | |
| Kontrol Alanı | KOHA_MİRAKIL |
| 005 - EN SON İŞLEM TARİHİ ve ZAMANI | |
| Kontrol Alanı | 20260415070501.0 |
| 008 - SABİT UZUNLUKTAKİ VERİ ÖGELERİ - GENEL BİLGİ | |
| Sabit Alan | 260415b tu ||||| |||| 00| 0 tur d |
| 040 ## - KATALOGLAMA KAYNAĞI | |
| Özgün Kataloglama Kurumu | TR-AnABB |
| Kataloglama Dili | tur |
| Çeviri Kurumu | TR-AnABB |
| 041 ## - DİL KODU | |
| Metin ya da ses kaydının dil kodu | tur |
| 082 ## - DEWEY ONU SINIFLAMA SİSTEMİ | |
| Sınıflama Numarası | 338.9561 |
| Cutter numarası | GAP 1987 |
| 100 1# - KİŞİ ADI | |
| Yazar Adı (Kişi adı) | Alkin, Erdoğan |
| 245 10 - ESER ADI BİLDİRİMİ | |
| Başlık | GAP Güney Anadolu Projesi bilim ekibi teknik yazılar / |
| Sorumluluk Bildirimi | Erdoğan Alkin, Tamer Arpacı, İbrahim Atalay, Davut Aydın, Canan Balkır, Erkan Benli, Ali Balaban, Nejat Erk, Hüsnü Erkan, Ömer Gücelioğlu, Can Hamamcı, Kenan Mortan, Tamer Müftüoğlu, Aydın Uğur, Sunday Üner |
| 260 ## - YAYIN, DAĞITIM, VB. | |
| Yayın Yeri | Ankara : |
| Yayınevi | BİAR, |
| Yayın Tarihi | 1987 |
| 300 ## - FİZİKSEL TANIMLAMA | |
| Sayfa, Cilt vb. | 149 sayfa : |
| Diğer fiziki detaylar | tablo ; |
| Boyutları | 24 cm |
| 505 ## - İÇİNDEKİLER NOTU | |
| İçindekiler Notu | İçindekiler: Entegre bölge planlaması (Eskişehir denemesi) teorik analiz - GAP Üretim potansiyelinin değerlendirmesinde pazarlamanın rolü - GAP alanının doğal görünümü - GAP'a fon akım yaklaşımı - Uluslararası ekonomik bütünleşmelerin ticaret etkilerini ölçme yöntemleri - GAP Sulaması için yönetim modeli - GAP'ın gerçekleşme sonrası değerlendirmesinin taşıdığı güçlükler - GAP'a entegre planlama yaklaşımı - GAP için bölgesel Input-output model denemesi - Bölgesel gelişme ve yönetsel sorunlar - Doğu ve Güney Doğu Anadolu bölgesinde sosyo-ekonomik davranışlar - Klasik ekonomide kuruluş yeni teorileri - Planlama ve gelişen teknolojiler karşısında iletişim sektörü - İç göçler kentleşme ve politikalar |
| 650 04 - KONU BAŞLIĞI EK GİRİŞ - KONU TERİMİ | |
| Konusal terim veya coğrafi ad | Ekonomik politika, Türkiye |
| 650 04 - KONU BAŞLIĞI EK GİRİŞ - KONU TERİMİ | |
| Konusal terim veya coğrafi ad | Ekonomik politika |
| 650 04 - KONU BAŞLIĞI EK GİRİŞ - KONU TERİMİ | |
| Konusal terim veya coğrafi ad | Bölgesel kalkınma |
| 942 ## - EK GİRİŞ ÖGELERİ (KOHA) | |
| Sınıflama Kaynağı | Dewey Decimal Classification |
| Materyal Türü | Kitap |
| 900 ## - YEREL BİLGİ | |
| Kontrol | Can ÇELIK |
| Geri Çekilme Durumu | Kayıp Durumu | Sınıflandırma Kaynağı | Kredi için değil | Kalıcı Konum | Mevcut Konum | Kayıt Tarih | Toplam Ödünçverme | Yer Numarası | Demirbaş Numarası | Son Görülme Tarihi | Fatura Tarihi | Materyal Türü |
|---|---|---|---|---|---|---|---|---|---|---|---|---|
| Dewey Decimal Classification | Prof. Dr. Ruşen Keleş Kütüphanesi | Prof. Dr. Ruşen Keleş Kütüphanesi | 15/04/2026 | 338.9561 GAP 1987 | RK7081 | 15/04/2026 | 15/04/2026 | Kitap |
